1787 1665 1597 1986 1109 1819 1251 1546 1570 1787 1079 1838 1860 1192 1515 1909 1397 1552 1541 1825 1475 1862 1381 1455 1690 1906 1052 1785 1528 1849 1910 1344 1331 1300 1433 1522 1769 1634 1790 1101 1330 1249 1750 1295 1010 1320 1902 1227 1560 1104 1652 1900 1008 1572 1622 1278 1680 1334 1561 1707 1774 1492 1691 1907 1246 1243 1637 1319 1677 1443 1564 1250 1248 1674 1214 1381 1407 1662 1593 1348 1580 1737 1734 1862 1947 1709 1025 1754 1543 1083 1808 1744 1338 1312 1976 1770 1251 1773 1563 BCNSPRNW ULIB Ver.6.0+V

เปลี่ยนเป็นภาษาไทย

Change to English
 แสดงรายละเอียดบรรณานุกรม
  กลับหน้าหลัก

Brief Record : Get Marc (ISO 2709) : E-mail record : QR code < ปิดหน้าต่าง
LEADER : 00000nam 2200000uu 4500
001    13399120226
003     ULIB
008    020711sn.d. th a 000 0 eng d
020    9996073645
050    QS4^bP322A
100    Kevin T. Patton
245    ANATOMY & PHYSIOLOGY/^cKevin T. Patton
260     ^bn.p.,^cn.d.
945    ^p0^l0^i17701
999    ^aทศพร เกษรทอง
รายการนี้ยังไม่มีแท็ก
คุณยังไม่ได้ล็อกอิน คุณสามารถมีกิจกรรมร่วมกับเว็บไซต์ได้ แต่ต้องล็อกอินก่อน ::
  ล็อกอิน

รายการสื่อสารสนเทศ

ลำดับที่ ประเภท เลขเรียก/บาร์โค้ด สถานที่ สถานะ
1. วิทยาศาสตร์การแพทย์ และสุขภาพ
วิทยาศาสตร์การแพทย์ และสุขภาพ
QS4 P322A  
  Barcode: 17701
ห้องสมุดวิทยาเขตสวรรค์ประชารักษ์
►หนังสือทั่วไป
บนชั้น

BibComment


ยังไม่เคยถูกคอมเมนท์

คอมเมนท์ทรัพยากรรายการนี้
  คอมเมนท์: ANATOMY PHYSIOLO..


 Copyright 2026. Bcnsprnw @Library